NSTAR 2002 : 9 - 12 October 2002 Pittsburgh, Pennsylvania, USA
This book covers recent advances in the physics of nucleon resonances, including new experimental results from laboratories in the USA, Europe, and Asia, and new developments in effective field theories, quark models, and lattice gauge theory.
Đã lưu trong:
| Formáid: | Leabhar |
|---|---|
| Teanga: | Undetermined |
| Foilsithe: |
New Jersey
World Scientific
2003
|
| Ábhair: | |
| Clibeanna: |
Cuir Clib Leis
Gan Chlibeanna, Bí ar an gcéad duine leis an taifead seo a chlibeáil!
|
| Thư viện lưu trữ: | Trung tâm Học liệu Trường Đại học Cần Thơ |
|---|
| LEADER | 00818nam a2200205Ia 4500 | ||
|---|---|---|---|
| 001 | CTU_156274 | ||
| 008 | 210402s9999 xx 000 0 und d | ||
| 020 | |c 3056000 | ||
| 082 | |a 539.7 | ||
| 082 | |b P963 | ||
| 245 | 0 | |a NSTAR 2002 : | |
| 245 | 0 | |b 9 - 12 October 2002 Pittsburgh, Pennsylvania, USA | |
| 245 | 0 | |c Editors S A Dytman, E S Swanson | |
| 260 | |a New Jersey | ||
| 260 | |b World Scientific | ||
| 260 | |c 2003 | ||
| 520 | |a This book covers recent advances in the physics of nucleon resonances, including new experimental results from laboratories in the USA, Europe, and Asia, and new developments in effective field theories, quark models, and lattice gauge theory. | ||
| 650 | |a Particles (Nuclear physics),Baryons | ||
| 904 | |i Bạch Trúc | ||
| 980 | |a Trung tâm Học liệu Trường Đại học Cần Thơ | ||